000 00702nas a2200253 i 4500
001 186971
003 ES-MaACL
005 20250217134923.0
008 170317d19651967sp d| | ||pa d
022 _a2487-230X
080 _a338.1(100)
080 _a(054)
245 0 0 _a3 E :
_beconomía española y exterior.
246 2 _aTres E
246 2 _a3E
260 _aMadrid :
_bPublicaciones de Economía y Finanzas,
_c1965-1967.
300 _av. ;
_c37 cm.
310 _aDiaria
362 0 _aAño 1, n. 1 (17 nov. 1965)-año 2, n. 516 (16 jul. 1967)
650 4 _aEconomía mundial.
_912035
852 _aES-MaACL
_jHEM-GF-54
866 0 _o(1965) 1966 (1967)
999 _c186971
_d186971